Science Quiz

Random Science Quiz

Cell Tissue Types Quiz Stats

 Plays Quiz not verified by Sporcle

Challenge
Share
Tweet
Score 0/17 Timer 10:00
0 Plays Today
% Correct
Cardiac Muscle
81%
Simple Columnar
78.6%
Bone
77%
Stratified Cuboidal
75.4%
Blood
75.4%
Stratified Squamous
73.8%
Skeletal Muscle
73%
Simple Cuboidal
69.8%
Smooth Muscle
68.3%
% Correct
Nervous
64.3%
Hyaline Cartilage
63.5%
Stratified Columnar
62.7%
Transitional
61.9%
Fibrocartilage
61.9%
Simple Squamous
60.3%
Elastic Cartilage
57.9%
Pseudostratified Columnar
50.8%

You're not logged in!

Compare scores with friends on all Sporcle quizzes.
Join for Free
OR
Log In

You Might Also Like...

Show Comments

Extras

Created Apr 25, 2016ReportNominate
Tags:cell, identify, tissue

Top Quizzes Today


Score Distribution

Your Account Isn't Verified!

In order to create a playlist on Sporcle, you need to verify the email address you used during registration. Go to your Sporcle Settings to finish the process.

Report this User

Report this user for behavior that violates our Community Guidelines.

Details: